00622 2200169 4500245007900000020002200079250001100101100001800112650001600130005001900146260002700165041001400192084000800206300002700214500020200241336000900443 aNdung ... Ndang ... Nding b : Tersengat Cinta EndutcAri WulandarihText a978-979-29-1460-3 aCet. 1 aAri Wulandari aNovel Fiksi a20231003085855 aYogyakartabANDIc2010 aIndonesia a813 aii, 174 hlm. :c19 cm. aApa akibatnya bila endut, cowok berbadan 'sehat', penjual kolak dan es serut, ketemu dengan tungder, cewek cakep nan tajir? pastinya endut senang, tapi masalahnya dia terlanjur pedekate sama dinuk. atext